00579cam a2200193 a 4500020002800000040000800028082002600036245002300062246003100085250001200116260003700128300002600165500008800191500002000279650002100299650002100320700002200341700002200363 a0070094829 (alk. paper) cDLC00a808 HIL 1996 A096 Or.00a75 readings plus /3 aSeventy-five readings plus a3rd ed. aNew York :bMcGraw-Hill,cc1996. axvi, 494 p. ;c23 cm. a"Portions of this text have been taken from 75 readings: an anthology"--T.p. verso. aIncludes index. 0aCollege readers. 0aEnglish language1 aBuscemi, Santi V.1 aSmith, Charlotte,